| 000 | 00440nam a2200157Ia 4500 | ||
|---|---|---|---|
| 005 | 20250305000017.0 | ||
| 008 | 240331s9999 xx 000 0 und d | ||
| 020 | _a9789551822309 | ||
| 082 |
_bJAY _a891 |
||
| 100 | _aJayakody,D | ||
| 245 | 0 |
_aGini diyani : _bburned alive |
|
| 260 |
_aColombo _bPast Print free (Pvt) Ltd _c2008 |
||
| 300 | _a257 p ., | ||
| 500 | _aTrue story of a 17 year old Palestine girl being burned alive. | ||
| 942 | _cL | ||
| 999 |
_c5194 _d5194 |
||